Countries with 'k' s - Statistics

General Stats
  • This quiz has been taken 32 times
  • The average score is 14 of 20
Answer Stats
Answers % Correct
Kenya
93%
Kazakhstan
90%
Kosovo
87%
Turkey
83%
Turkmenistan
83%
Kiribati
80%
United Kingdom
80%
Slovakia
73%
Tajikistan
73%
Uzbekistan
73%
Kuwait
70%
North Korea
70%
Pakistan
70%
South Korea
70%
Ukraine
70%
Denmark
67%
Saint Kitts and Nevis
67%
Burkina Faso
50%
Kyrgyzstan
47%
Sri Lanka
40%
No matching quizzes found
Score Distribution
Percent of People with Each Score
Percentile by Number Answered
Your Score History
You have not taken this quiz